Roma nel cinqvecento
Salvato in:
| Autore principale: | |
|---|---|
| Natura: | Libro |
| Lingua: | italiano |
| Pubblicazione: |
Bolonia
Licinio Cappelli
1948
|
| Serie: | Storia di Roma, 13
|
| Soggetti: | |
| Tags: |
Aggiungi Tag
Nessun Tag, puoi essere il primo ad aggiungerne!!
|
MARC
| LEADER | 00000nam a2200000 a 4500 | ||
|---|---|---|---|
| 001 | UCP9413 | ||
| 003 | CL-VaPUC | ||
| 008 | 000324e19480000IT |||||||||||||||||ita|d | ||
| 082 | 0 | 4 | |a 945.05 |b PEC |2 21 |
| 100 | |a Pecchiai, Pio |e autore |9 439970 | ||
| 245 | 1 | 0 | |a Roma nel cinqvecento |
| 300 | |a 593 p | ||
| 942 | |c BK | ||
| 945 | |d 20000324 00:00:00 |a rherrera | ||
| 260 | |a Bolonia |b Licinio Cappelli |c 1948 | ||
| 600 | 0 | 7 | |a CLEMENTE VII |2 CL-VaPUC |9 439971 |
| 600 | 0 | 7 | |a PAULO III |2 CL-VaPUC |9 439972 |
| 600 | 0 | 7 | |a GREGORIO XII |2 CL-VaPUC |9 439973 |
| 600 | 0 | 7 | |a GREGORIO XIV |2 CL-VaPUC |9 439974 |
| 600 | 0 | 7 | |a PIO IV |2 CL-VaPUC |9 439975 |
| 600 | 0 | 7 | |a PIO V |2 CL-VaPUC |9 439976 |
| 650 | 0 | |a Historia de Italia |9 362027 | |
| 650 | 7 | |a ROMA |2 CL-VaPUC |9 317375 | |
| 650 | 0 | |a Renacimiento |9 255107 | |
| 650 | 0 | |a Papas |9 258738 | |
| 650 | 7 | |a INSTITUCIONES ROMANAS |2 CL-VaPUC |9 439977 | |
| 650 | 0 | |a Demografía |9 260008 | |
| 650 | 7 | |a URBANISTICA |2 CL-VaPUC |9 439978 | |
| 651 | 0 | |a Italia |9 254949 | |
| 583 | |a last modification |c 20000324 00:00:00 |k Rodrigo Vera | ||
| 490 | 0 | |a Storia di Roma, 13 | |
| 999 | |c 286228 |d 286226 | ||
| 952 | |0 0 |1 0 |4 0 |6 945_050000000000000_PEC_1948 |7 0 |8 X |9 331731 |a BIBHIS |b BIBHIS |d 2019-11-20 |i 1389580 |o 945.05 PEC 1948 |p 1389580 |r 2024-01-30 |w 2019-11-20 |y BK_X |k HIS | ||